Europäische Städte nach Fußballverein - Statistiken

Allgemein
  • Dieses Quiz wurde 410 mal gespielt
  • Das Durchschnittsergebnis liegt bei 58 aus 100
Antwortstatistiken
Land Klub Stadt % Korrekt
Deutschland Fortuna 95 Düsseldorf
96%
Deutschland SG Eintracht Frankfurt
96%
Deutschland FC Bayern München
96%
Deutschland 1. FC Union Berlin
95%
Deutschland KSV Holstein Kiel
95%
Deutschland Bayer 04 Leverkusen
95%
Deutschland FC Hansa Rostock
95%
Deutschland DSC Arminia Bielefeld
94%
Deutschland SG Dynamo Dresden
94%
Deutschland SpVgg Greuther Fürth
94%
Italien Juventus Turin
91%
Niederlande Ajax Amsterdam
89%
England Tottenham Hotspur London
89%
Italien Lazio Rom
89%
Deutschland SSV Jahn Regensburg
88%
Portugal Benfica Lissabon
87%
Deutschland VfL Borussia Mönchengladbach
86%
Italien Atalanta Bergamo
85%
Schweiz Young Boys Bern
84%
Niederlande PSV Eindhoven
84%
Kroatien Dinamo Zagreb
84%
Niederlande Feyenoord Rotterdam
83%
Serbien Roter Stern Belgrad
82%
Russland ZSKA Moskau
81%
Österreich SK Rapid Wien
81%
Griechenland Panathinaikos Athen
80%
Spanien RCD Espanyol Barcelona
78%
Schottland Rangers FC Glasgow
78%
England FC Everton Liverpool
78%
Italien Hellas Verona
78%
Österreich SK Sturm Graz
77%
Russland Zenit St. Petersburg
77%
Spanien Celta Vigo
76%
Schweiz Grasshopper Club Zürich
75%
Tschechien SK Slavia Prag
74%
Spanien Real Betis Sevilla
74%
Griechenland Olympiakos Piräus
73%
Belgien Royal FC Antwerpen
71%
Spanien Athletic Club Bilbao
71%
Polen Lech Posen
70%
Kroatien Hajduk Split
69%
Frankreich Girondins Bordeaux
68%
Rumänien FC Steaua Bukarest
68%
Niederlande FC Twente Enschede
68%
Ungarn Ferencváros Budapest
67%
Dänemark Brøndby IF Kopenhagen
66%
Bulgarien CSKA 1948 Sofia
66%
Irland Shamrock Rovers Dublin
65%
Niederlande Vitesse Arnheim
64%
Belgien RSC Anderlecht Brüssel
64%
Belgien Royal Standard Lüttich
63%
Island Vikingur Reykjavik
61%
Estland FC Flora Tallinn
61%
Belgien Cercle KSV Brügge
59%
Tschechien FC Viktoria Pilsen
59%
Moldawien Sheriff Tiraspol
59%
Frankreich Racing Straßburg
58%
England Aston Villa Birmingham
57%
Schweden AIK Stockholm
57%
Norwegen Rosenborg Trondheim
56%
Slowakei Slovan Bratislava
55%
Russland FK Rubin Kasan
55%
Portugal Boavista Porto
55%
Griechenland PAOK Thessaloniki
54%
Spanien Real Sociedad San Sebastian
53%
Schweiz Servette FC Genf
51%
Zypern Omonia Nikosia
50%
Norwegen Vålerenga IF Oslo
48%
Slowenien Olimpija Ljubljana
47%
Spanien Rayo Vallecano Madrid
47%
Norwegen SK Brann Bergen
46%
Österreich SV Austria Salzburg
46%
Niederlande Willem II Tilburg
45%
Niederlande Heracles Almelo
44%
Schottland Heart of Midlothian FC Edinburgh
39%
Bulgarien PFC Ludogorez Rasgrad
37%
Spanien UD Levante Valencia
32%
Luxemburg F91 Düdelingen
31%
Zypern Apollon FC Limassol
28%
Portugal CS Marítimo Funchal
26%
Polen Pogon Stettin
25%
Schweden BK Häcken Göteborg
24%
Norwegen Viking FK Stavanger
23%
Zypern FC Wacker Innsbruck
22%
Italien SPAL 2013 Ferrara
21%
Bulgarien PFC Botev Plovdiv
21%
Tschechien SK Sigma Olmütz
20%
Rumänien CS Universitatea Craiova
18%
Tschechien FC Slovan Liberec
18%
Zypern Anorthosis Famagusta
16%
Russland FC Arsenal Tula
13%
Russland FC Ural Jekaterinburg
12%
Bulgarien Cherno More Varna
12%
Russland Krylja Sowetow Samara
10%
Luxemburg Progres Niederkorn
9%
Polen Jagiellonia Bialystok
8%
Dänemark FC Midtjylland Herning
7%
Estland JK Tammeka Tartu
6%
Norwegen Stømsgodset IF Drammen
4%
Norwegen Odds BK Skien
4%
Keine übereinstimmenden Quizze gefunden
Verteilung der Resultate
Anzahl Personen mit jedem Resultat
Perzentil nach korrekt beantworteten Fragen
Ihre Resultats-Entwicklung
Sie haben dieses Quiz noch nicht gespielt